Music Quiz

Random Music or Rap Quiz

Rap Lyrics in More Scholarly Language II Quiz Stats

 Plays Quiz Updated Nov 15, 2018

Score 0/18 Timer 07:00
4 Plays Today
Artist Song Title % Correct
ChamillionaireRidin'
68.9%
LL Cool JMama Said Knock You Out
61%
RihannaRude Boy
58.7%
Dr. Dre feat. EminemForgot About Dre
53.9%
Will SmithFresh Prince of Bel-Air
53.1%
Cypress HillInsane In The Brain
53%
Far*East MovementLike A G6
51.4%
T-PainBuy U A Drank (Shawty Snappin')
50.3%
DMXParty Up (Up In Here)
45%
Artist Song Title % Correct
Beastie BoysGirls
36.9%
DrakeForever
34.7%
EminemWithout Me
28%
Wu Tang ClanC.R.E.A.M.
26.7%
Geto BoysDamn It Feels Good To Be A Gangsta
26.1%
Eazy-EBoyz-n-the-Hood
12.6%
Run DMCKing of Rock
12.5%
Ol' Dirty BastardGot Your Money
11.9%
T.I.What You Know
8.3%

You're not logged in!

Compare scores with friends on all Sporcle quizzes.
OR
Log In

Sporcle TV

Today on Sporcle TV


Watch our educational content, quiz creation guides, and fun videos on Sporcle TV.

Show Comments

Extras

Top Quizzes Today


Score Distribution

Your Account Isn't Verified!

In order to create a playlist on Sporcle, you need to verify the email address you used during registration. Go to your Sporcle Settings to finish the process.

Report this User

Report this user for behavior that violates our Community Guidelines.

Details: